[Event "Nizami Ganjavi 880 years U17"]
[Site "Tornelo INT"]
[Date "2021.04.04"]
[Round "9.6"]
[White "Hrebenshchykova, Yelyzaveta"]
[Black "Mirlan Kyzy, Azalia"]
[Result "1-0"]
[WhiteElo "2058"]
[BlackElo "1517"]
[PlyCount "61"]
[EventDate "2021.04.02"]
[EventType "team-swiss (blitz)"]
[EventRounds "9"]
[EventCountry "AZE"]
[SourceTitle "EXT 2023"]
[Source "ChessBase"]
[SourceDate "2022.10.05"]
[SourceVersion "1"]
[SourceVersionDate "2022.10.05"]
[SourceQuality "1"]
[WhiteTeam "Ukraine"]
[BlackTeam "Kyrgyzstan"]
[WhiteTeamCountry "UKR"]
[BlackTeamCountry "KGZ"]

1. e4 e5 2. Nf3 Nc6 3. Bb5 a6 4. Ba4 Nf6 5. 0-0 b5 6. Bb3 Be7 7. Re1 d6 8. c3 Na5 9. Bc2 c5 10. d4 Qc7 11. h3 0-0 12. Nbd2 Nb7 13. Nf1 Nd8 14. Ng3 Ne8 15. Nf5 f6 16. Nxe7+ Qxe7 17. dxe5 dxe5 18. Qd5+ Kh8 19. Qxa8 Bb7 20. Qa7 Nc6 21. Qb6 a5 22. Be3 Rf7 23. Qxb5 Qc7 24. Qxc5 Nd6 25. Rad1 Ne8 26. Rd2 Qb8 27. Bb3 Nd6 28. Qxd6 Qxd6 29. Rxd6 Rf8 30. Red1 h6 31. Bd5 1-0

[Event "Nizami Ganjavi 880 years U17"]
[Site "Tornelo INT"]
[Date "2021.04.02"]
[Round "3.6"]
[White "San Diego, Jerlyn Mae"]
[Black "Mirlan Kyzy, Azalia"]
[Result "0-1"]
[WhiteElo "1836"]
[BlackElo "1517"]
[PlyCount "108"]
[EventDate "2021.04.02"]
[EventType "team-swiss (blitz)"]
[EventRounds "9"]
[EventCountry "AZE"]
[SourceTitle "EXT 2023"]
[Source "ChessBase"]
[SourceDate "2022.10.05"]
[SourceVersion "1"]
[SourceVersionDate "2022.10.05"]
[SourceQuality "1"]
[WhiteTeam "Philippines"]
[BlackTeam "Kyrgyzstan"]
[WhiteTeamCountry "PHI"]
[BlackTeamCountry "KGZ"]

1. e4 e5 2. Nc3 Nc6 3. Bc4 Bc5 4. d3 Nf6 5. f4 d6 6. Nf3 Bg4 7. Na4 Bb6 8. Nxb6 axb6 9. c3 Nh5 10. f5 Na5 11. h3 Bxf3 12. Qxf3 Qh4+ 13. Qf2 Qxf2+ 14. Kxf2 Nxc4 15. dxc4 c6 16. Be3 Nf6 17. Kf3 b5 18. cxb5 cxb5 19. Rhd1 Ke7 20. g4 h6 21. Rd2 Ra4 22. b4 Rc8 23. Rd3 Rc4 24. g5 Nxe4 25. gxh6 gxh6 26. Bxh6 Nxc3 27. f6+ Ke6 28. Kg2 Raxb4 29. Bf8 Rb2+ 30. Kg1 d5 31. a3 Kxf6 32. Rf1+ Ke6 33. Rdf3 Ne2+ 34. Kh1 Nf4 35. Bh6 Rcc2 36. Bxf4 exf4 37. Rd1 Rh2+ 38. Kg1 Rbg2+ 39. Kf1 Rg3 40. Rxf4 Rgxh3 41. Re1+ Kd6 42. Rxf7 Rh1+ 43. Ke2 Rxe1+ 44. Kxe1 Rxa3 45. Rxb7 Kc5 46. Rc7+ Kd4 47. Rb7 Kc4 48. Kd2 Ra2+ 49. Kc1 b4 50. Rc7+ Kd3 51. Rb7 d4 52. Rxb4 Kc3 53. Rb1 Rh2 54. Kd1 Rh1+ 0-1

[Event "KGZ-ch FL (Women)"]
[Site "Bishkek"]
[Date "2021.02.04"]
[Round "2"]
[White "Zhunusbekova, Aymunzhok"]
[Black "Mirlan Kyzy, Azalia"]
[Result "1/2-1/2"]
[WhiteElo "1210"]
[BlackElo "1638"]
[PlyCount "73"]
[EventDate "2021.02.03"]
[EventType "swiss"]
[EventRounds "7"]
[EventCountry "KGZ"]
[SourceTitle "EXT 2022"]
[Source "ChessBase"]
[SourceDate "2021.10.06"]
[SourceVersion "1"]
[SourceVersionDate "2021.10.06"]
[SourceQuality "1"]

1. e4 e5 2. Nf3 Nc6 3. Bb5 a6 4. Ba4 Nf6 5. 0-0 Be7 6. Bxc6 dxc6 7. d3 Bg4 8. h3 Bh5 9. g4 Bg6 10. Nxe5 Bd6 11. Nxg6 hxg6 12. e5 Rxh3 13. Kg2 Rh4 14. Bg5 Rh8 15. Re1 Kf8 16. exd6 Qxd6 17. f4 Nd5 18. c4 Nxf4+ 19. Bxf4 Qxf4 20. Rh1 Ke7 21. Qe2+ Kd7 22. Nc3 f5 23. Qf3 Qg5 24. c5 Rhf8 25. Rh7 Rf7 26. Re1 Raf8 27. Qe2 fxg4 28. Ne4 Qf5 29. Rh4 Qe6 30. Qxg4 Rf5 31. Rh7 Rf2+ 32. Nxf2 Rxf2+ 33. Kxf2 Qxg4 34. Rxg7+ Kd8 35. Rg8+ Kd7 36. Rg7+ Kd8 37. Rg8+ 1/2-1/2